[Event "Reykjavik Open 2018"]
[Site "Reykjavik ISL"]
[Date "2018.03.07"]
[Round "3.20"]
[White "L'Ami, Erwin"]
[Black "Cummings, David H."]
[Result "1-0"]
[WhiteTitle "GM"]
[BlackTitle "IM"]
[WhiteElo "2634"]
[BlackElo "2322"]
[WhiteFideId "1007998"]
[BlackFideId "2603578"]
[EventDate "2018.03.06"]

1. d4 d5 2. Nf3 Nf6 3. Bf4 e6 4. e3 Bd6 5. Bg3 c5 6. Nbd2 O-O 7. c3 b6 8. Ne5
Ba6 9. Bxa6 Nxa6 10. Bh4 Nb8 11. f4 Be7 12. O-O Nfd7 13. Bxe7 Qxe7 14. Qh5 f6
15. Nef3 Nc6 16. Rae1 f5 17. Ne5 Ndxe5 18. dxe5 b5 19. g4 g6 20. Qh3 Qf7 21. Nf3
Rfe8 22. Ng5 Qg7 23. gxf5 exf5 24. Rd1 Rad8 25. Rd2 h6 26. Nf3 Ne7 27. Kh1 Kf7
28. Rg1 Rg8 29. Qf1 Rb8 30. Qd1 Rgd8 31. Rdg2 Rb6 32. a4 a6 33. axb5 axb5 34.
Qa1 Rdb8 35. b4 c4 36. Ra2 Qf8 37. Nd4 Qc8 38. Qe1 Ra8 39. Rag2 Ra7 40. Qh4 Qf8
41. h3 Kg7 42. Qf2 Kh7 43. Kh2 Raa6 44. h4 Qf7 45. Qf3 Ra8 46. h5 Rg8 47. hxg6+
Rgxg6 48. Rxg6 Nxg6 49. Qh3 Ne7 50. Ra1 Rg6 51. Ra7 Rg7 52. Rxe7 Qxe7 53. Nxf5 1-0

[Event "Reykjavik Open 2018"]
[Site "Reykjavik ISL"]
[Date "2018.03.07"]
[Round "3.21"]
[White "Seyb, Dieter"]
[Black "Landa, Konstantin"]
[Result "0-1"]
[WhiteTitle "FM"]
[BlackTitle "GM"]
[WhiteElo "2192"]
[BlackElo "2613"]
[WhiteFideId "4603346"]
[BlackFideId "4101685"]
[EventDate "2018.03.06"]

1. e4 c6 2. Nc3 d5 3. Nf3 Bg4 4. h3 Bxf3 5. Qxf3 Nf6 6. d3 e6 7. Bd2 Qb6 8.
O-O-O Bb4 9. a3 Be7 10. e5 Nfd7 11. Qg3 g6 12. h4 h5 13. Bg5 Qd8 14. d4 a6 15.
Bd3 c5 16. Bxe7 Qxe7 17. dxc5 Nxc5 18. Qe3 Nc6 19. Ne2 O-O-O 20. Nd4 Nxd4 21.
Qxd4 Kb8 22. Kb1 Rc8 23. Rc1 Rc6 24. f3 Rhc8 25. Qf4 Rb6 26. Ka2 Qd7 27. b3 Rbc6
28. Kb2 Qc7 29. Kb1 Nxd3 30. cxd3 Rc2 31. d4 Qc3 0-1

[Event "Reykjavik Open 2018"]
[Site "Reykjavik ISL"]
[Date "2018.03.07"]
[Round "3.22"]
[White "Hamitevici, Vladimir"]
[Black "Janzelj, Lara"]
[Result "1-0"]
[WhiteTitle "GM"]
[BlackTitle "WFM"]
[WhiteElo "2512"]
[BlackElo "2180"]
[WhiteFideId "13902393"]
[BlackFideId "14608391"]
[EventDate "2018.03.06"]

1. c4 c6 2. Qa4 e5 3. g3 Nf6 4. Bg2 Bd6 5. Nf3 O-O 6. d4 exd4 7. Nxd4 Qb6 8. Nb3
Re8 9. Nc3 Na6 10. O-O h5 11. Bg5 Ng4 12. Ne4 Nc5 13. Nbxc5 Bxc5 14. Qc2 Bd4 15.
h3 Ne5 16. Rab1 Ng6 17. c5 Qa6 18. Rfd1 Be5 19. b4 h4 20. gxh4 Nf4 21. Bxf4 Bxf4
22. e3 Be5 23. Ng5 b5 24. h5 Bf6 25. Qh7+ Kf8 26. h6 Qxa2 27. Ne4 Rxe4 28. Bxe4
gxh6 29. Qxh6+ Bg7 30. Qh4 Qe6 31. Bxc6 Qg6+ 32. Bg2 Bb7 33. Qg4 1-0

[Event "Reykjavik Open 2018"]
[Site "Reykjavik ISL"]
[Date "2018.03.07"]
[Round "3.23"]
[White "Maxion, Dirk"]
[Black "Kveinys, Aloyzas"]
[Result "1-0"]
[WhiteTitle "FM"]
[BlackTitle "GM"]
[WhiteElo "2187"]
[BlackElo "2511"]
[WhiteFideId "4601777"]
[BlackFideId "12800040"]
[EventDate "2018.03.06"]

1. e4 c5 2. Nf3 e6 3. d4 cxd4 4. Nxd4 a6 5. Nc3 Qc7 6. g3 Bb4 7. Bd2 Nf6 8. Bg2
Nc6 9. Nb3 Be7 10. f4 d6 11. Qf3 Rb8 12. O-O-O Nd7 13. Kb1 b5 14. Rhe1 O-O 15.
Nd5 exd5 16. exd5 Nce5 17. fxe5 Nxe5 18. Qf4 Bg4 19. Ba5 Qd7 20. Rd4 h5 21. Qf1
Rbc8 22. Rf4 Ng6 23. Rf2 h4 24. Nd4 Bg5 25. Nf5 hxg3 26. hxg3 Ne5 27. b3 g6 28.
Nd4 Bh6 29. Bd2 Bg7 30. Nc6 Rfe8 31. Bg5 f5 32. Bc1 Bf6 33. Bb2 Qg7 34. Rf4 Nd3
35. Bxf6 Qxf6 36. cxd3 Qf7 37. Re6 1-0

[Event "Reykjavik Open 2018"]
[Site "Reykjavik ISL"]
[Date "2018.03.07"]
[Round "3.24"]
[White "Finsterwalder, Sebastian"]
[Black "Cornette, Deimante"]
[Result "0-1"]
[BlackTitle "IM"]
[WhiteElo "2187"]
[BlackElo "2447"]
[WhiteFideId "24632090"]
[BlackFideId "12802859"]
[EventDate "2018.03.06"]

1. d4 Nf6 2. c4 e6 3. Nc3 Bb4 4. f3 d5 5. a3 Bxc3+ 6. bxc3 O-O 7. cxd5 exd5 8.
e3 Bf5 9. Ne2 Nc6 10. g4 Nxg4 11. fxg4 Qh4+ 12. Kd2 Be4 13. Rg1 Na5 14. Qa4 Nc4+
15. Kd1 Qf2 0-1

[Event "Reykjavik Open 2018"]
[Site "Reykjavik ISL"]
[Date "2018.03.07"]
[Round "3.25"]
[White "Cramling Bellon, Anna"]
[Black "Thorhallsson, Throstur"]
[Result "0-1"]
[BlackTitle "GM"]
[WhiteElo "2175"]
[BlackElo "2419"]
[WhiteFideId "32009232"]
[BlackFideId "2300109"]
[EventDate "2018.03.06"]

1. d4 d5 2. c4 c6 3. Nf3 Nf6 4. Nc3 e6 5. e3 Nbd7 6. Bd3 dxc4 7. Bxc4 b5 8. Bd3
a6 9. e4 c5 10. e5 cxd4 11. Nxb5 axb5 12. exf6 gxf6 13. O-O Qb6 14. Qe2 b4 15.
Rd1 Bc5 16. Bh6 Bb7 17. Nd2 Rg8 18. f3 f5 19. Nc4 Qc7 20. Bd2 Bd5 21. Kh1 Rg6
22. Rdc1 Kf8 23. b3 Kg8 24. Nb2 Qb7 25. Bf4 Bb6 26. Nc4 Bc7 27. Bxc7 Qxc7 28.
Ne3 Qd6 29. Nxd5 Qxd5 30. Rc4 Rh6 31. Qd2 Kg7 32. Qf4 Nf6 33. Rxd4 Qxb3 34. Bc4
Qb2 35. Rad1 Rg6 36. R4d2 Rd8 37. g3 Rxd2 38. Qxd2 Qe5 39. Qd4 Qxd4 40. Rxd4 e5
41. Rd2 e4 42. fxe4 Nxe4 43. Rd7 Nd6 44. Bd3 Re6 45. Kg2 Kf6 46. Kf3 Ke5 47. Bc2
Rh6 48. h4 Rg6 49. Rc7 Ne4 50. Bxe4 fxe4+ 51. Kf2 Rf6+ 52. Ke2 Rf3 53. Re7+ Kd5
54. Rd7+ Ke6 55. Rd4 Ke5 56. Rxb4 Rxg3 57. a4 f5 58. Rb7 h5 59. Rh7 Ra3 60. Rxh5
Rxa4 61. Ke3 Ra2 62. Rg5 Rh2 63. h5 Rh3+ 0-1

[Event "Reykjavik Open 2018"]
[Site "Reykjavik ISL"]
[Date "2018.03.07"]
[Round "3.26"]
[White "Antal, Tibor Kende"]
[Black "Adocchio, Giampiero"]
[Result "1/2-1/2"]
[WhiteTitle "FM"]
[WhiteElo "2419"]
[BlackElo "2157"]
[WhiteFideId "738581"]
[BlackFideId "4666011"]
[EventDate "2018.03.06"]

1. e4 e6 2. d4 d5 3. Nc3 Bb4 4. e5 c5 5. a3 Bxc3+ 6. bxc3 Ne7 7. Qg4 cxd4 8.
Qxg7 Rg8 9. Qxh7 Qc7 10. Ne2 Nbc6 11. f4 dxc3 12. Qd3 d4 13. Nxd4 Nxd4 14. Qxd4
Bd7 15. Qf2 Qc6 16. Rg1 Qe4+ 17. Qe2 Qa4 18. Qc4 Qxc2 19. Bd3 Qa4 20. Qxa4 Bxa4
21. Be3 O-O-O 22. Ke2 Kb8 23. Rac1 Nd5 24. Be4 Bc6 25. Kf3 Nxe3 26. Kxe3 Bxe4
27. Kxe4 Rd2 28. Rxc3 Rgxg2 29. Rxg2 Rxg2 30. Rh3 Re2+ 31. Kf3 Ra2 32. Kg4 Rg2+
33. Rg3 Rxg3+ 34. Kxg3 Kc7 35. h4 Kd7 36. h5 Ke7 37. h6 Kf8 38. a4 Kg8 39. Kg4
b6 40. Kg5 a6 41. Kf6 b5 42. h7+ Kxh7 43. Kxf7 b4 44. f5 b3 45. fxe6 b2 46. e7
b1=Q 47. e8=Q Qf5+ 48. Ke7 Qxe5+ 49. Kd7 Qxe8+ 50. Kxe8 a5 51. Kd7 Kg7 52. Kc6
Kf7 53. Kb5 Ke7 54. Kxa5 Kd7 55. Kb6 Kc8 56. Ka7 Kc7 57. a5 Kc8 58. a6 Kc7 59.
Ka8 Kc8 60. a7 Kc7 1/2-1/2

[Event "Reykjavik Open 2018"]
[Site "Reykjavik ISL"]
[Date "2018.03.07"]
[Round "3.27"]
[White "Norowitz, Yaacov"]
[Black "Karlsson, Mikael Johann"]
[Result "1-0"]
[WhiteTitle "IM"]
[WhiteElo "2412"]
[BlackElo "2150"]
[WhiteFideId "2024799"]
[BlackFideId "2305194"]
[EventDate "2018.03.06"]

1. d4 d5 2. Nf3 c6 3. Bf4 Nf6 4. e3 Bg4 5. c4 e6 6. Qb3 Qb6 7. c5 Qxb3 8. axb3
Bxf3 9. gxf3 Nbd7 10. b4 Nh5 11. Bg3 f5 12. b5 f4 13. exf4 g6 14. bxc6 bxc6 15.
Ra6 Nb8 16. Ra4 Kd7 17. b4 Bg7 18. b5 cxb5 19. Bxb5+ Nc6 20. Nc3 a6 21. Bxc6+
Kxc6 22. Kd2 Bf6 23. Rha1 Ng7 24. Rxa6+ Rxa6 25. Rxa6+ Kb7 26. Rb6+ Kc8 27. Kd3
Bd8 28. Rc6+ Kd7 29. Rd6+ Ke8 30. f5 Rf8 31. Be5 Nxf5 32. Rxe6+ Kd7 33. Ra6 Ne7
34. f4 Kc8 35. c6 1-0

[Event "Reykjavik Open 2018"]
[Site "Reykjavik ISL"]
[Date "2018.03.07"]
[Round "3.28"]
[White "Jacobsen, Mikkel Manosri"]
[Black "Thavandiran, Shiyam"]
[Result "0-1"]
[WhiteTitle "FM"]
[BlackTitle "IM"]
[WhiteElo "2161"]
[BlackElo "2399"]
[WhiteFideId "1444514"]
[BlackFideId "2605058"]
[EventDate "2018.03.06"]

1. d4 Nf6 2. Nf3 b6 3. g3 Bb7 4. Bg2 e6 5. c4 d5 6. cxd5 exd5 7. O-O Be7 8. Nc3
O-O 9. Bg5 Nbd7 10. Ne5 c6 11. Nxd7 Qxd7 12. Qa4 Rfd8 13. Rfd1 h6 14. Bxf6 Bxf6
15. Rac1 Bg5 16. e3 h5 17. b4 h4 18. Qb3 hxg3 19. hxg3 Rac8 20. a4 Ba8 21. Rc2
Qe6 22. a5 bxa5 23. bxa5 c5 24. Na4 cxd4 25. exd4 Rb8 26. Qc3 Re8 27. Nc5 Qg4
28. Bf3 Qh3 29. Rb2 Rbc8 30. Re1 Rxe1+ 31. Qxe1 Bf6 32. Rb4 Bc6 33. Nd3 Qf5 34.
Qd1 Re8 35. Nf4 Be7 36. Qb1 Qf6 37. Rb8 Qxd4 38. Nxd5 Bc5 39. Ne3 Bd6 40. Rxe8+
Bxe8 41. Nf5 Qb4 42. Qa1 Bf8 43. Kg2 Qc5 44. Nd4 Bd7 45. Nb3 Qb4 46. Qd1 Qd6 47.
Qe2 Be6 48. Nd2 Qb4 49. a6 Qa4 50. Bb7 Qc2 51. Be4 Qc5 52. Qd3 Qh5 53. Nb3 g6
54. Bf3 Bh3+ 55. Kg1 Qe5 56. Kh2 Bf5 57. Qd2 Qd6 58. Qxd6 Bxd6 59. Bb7 Kg7 60.
Kg2 Bg4 61. f3 Be6 62. Nd4 Bc4 63. Kf2 Kf6 64. f4 Bc5 65. Ke3 Ke7 66. g4 Be6 67.
Bf3 Kd6 68. Kd3 Bc8 69. Nb5+ Ke7 70. Kc4 Bb6 71. Bb7 Bxg4 72. Nc3 Be6+ 73. Bd5
Bh3 74. Bb7 Bg1 75. Kd5 Bg2+ 76. Kc4 Bh3 77. Kd5 Be6+ 78. Kc6 Bh2 79. Nb5 Bd7+
80. Kc5 Bxb5 81. Kxb5 Bxf4 82. Kc4 f5 83. Kd3 g5 84. Ke2 g4 85. Kf2 Kf6 86. Kg2
Kg5 87. Kg1 Bd6 88. Kg2 f4 89. Bc6 f3+ 90. Bxf3 gxf3+ 91. Kxf3 Kf5 92. Ke3 Ke5
93. Kd3 Kd5 94. Kc3 Kc5 95. Kb3 Kb5 96. Ka2 Kxa6 97. Kb1 Kb5 98. Ka2 Kb4 99. Kb1
Kb3 100. Ka1 Be5+ 101. Kb1 a5 0-1

[Event "Reykjavik Open 2018"]
[Site "Reykjavik ISL"]
[Date "2018.03.07"]
[Round "3.29"]
[White "Abrahamyan, Tatev"]
[Black "Baldursson, Hrannar"]
[Result "1-0"]
[WhiteTitle "WGM"]
[WhiteElo "2369"]
[BlackElo "2130"]
[WhiteFideId "13301918"]
[BlackFideId "2301156"]
[EventDate "2018.03.06"]

1. e4 d6 2. d4 Nf6 3. Nc3 Nbd7 4. Nf3 e5 5. Bc4 Be7 6. a4 exd4 7. Nxd4 Ne5 8.
Bb3 O-O 9. O-O Bd7 10. h3 a6 11. a5 c5 12. Nf3 Nc6 13. Bf4 Nxa5 14. Bxd6 Nxb3
15. cxb3 Be6 16. Bxe7 Qxe7 17. Qc2 Rfd8 18. Rad1 h6 19. Nd2 b5 20. f4 c4 21.
bxc4 Qc5+ 22. Kh2 Bxc4 23. Nxc4 Qxc4 24. Rc1 Rac8 25. e5 Nd5 26. Qf2 b4 27. Nxd5
Qxd5 28. Rce1 b3 29. f5 Rc2 30. Qg3 Re8 31. e6 Kf8 32. f6 Qg5 33. Qd6+ Kg8 34.
exf7+ Kh7 35. Qd3+ g6 36. Qxc2 1-0

[Event "Reykjavik Open 2018"]
[Site "Reykjavik ISL"]
[Date "2018.03.07"]
[Round "3.30"]
[White "Cumming, Rhys"]
[Black "Brunello, Marina"]
[Result "1-0"]
[BlackTitle "FM"]
[WhiteElo "2155"]
[BlackElo "2367"]
[WhiteFideId "470163"]
[BlackFideId "822590"]
[EventDate "2018.03.06"]

1. e4 c5 2. Nf3 d6 3. Bb5+ Nd7 4. O-O a6 5. Bd3 b5 6. c4 Ne5 7. Be2 Nxc4 8. a4
Bb7 9. axb5 axb5 10. Rxa8 Qxa8 11. Nc3 Bc6 12. d4 Qb8 13. Bf4 e5 14. Bxc4 exf4
15. Qb3 Nh6 16. Ng5 Qd8 17. Bxf7+ Kd7 18. Nxb5 Qxg5 19. Ra1 Nxf7 20. Ra7+ Kd8
21. Nc7 Bd7 22. Ne6+ Bxe6 23. Qb8+ Bc8 24. Qc7+ Ke8 25. Qxf7+ Kd8 26. Qc7+ Ke8
27. Qxc8+ Qd8 28. Qc6+ 1-0

[Event "Reykjavik Open 2018"]
[Site "Reykjavik ISL"]
[Date "2018.03.07"]
[Round "3.31"]
[White "Halldorsson, Bragi"]
[Black "Unuk, Laura"]
[Result "0-1"]
[BlackTitle "WIM"]
[WhiteElo "2126"]
[BlackElo "2346"]
[WhiteFideId "2300907"]
[BlackFideId "14609215"]
[EventDate "2018.03.06"]

1. d4 Nf6 2. c4 e6 3. Nc3 Bb4 4. a3 Bxc3+ 5. bxc3 b6 6. f3 O-O 7. e4 Ne8 8. Bd3
c5 9. Be3 d6 10. Ne2 Nc6 11. O-O Ba6 12. Ng3 cxd4 13. cxd4 e5 14. Qa4 Na5 15.
Bd2 Rc8 16. Bxa5 bxa5 17. d5 Nf6 18. Rfc1 Nd7 19. Rab1 Rc5 20. Rc3 Nb6 21. Qc2
Qd7 22. Nf5 Na4 23. Rcb3 Rcc8 24. Bf1 Nc5 25. R3b2 g6 26. Qd2 Qd8 27. Ne3 f5 28.
exf5 gxf5 29. Nd1 Qh4 30. g3 Qh5 31. Be2 f4 32. g4 Qg6 33. Nf2 e4 34. Qc2 exf3
35. Bxf3 Rce8 36. Kg2 Re3 37. Qxg6+ hxg6 38. Rb8 Bxc4 39. Rxf8+ Kxf8 40. Nh3 Nd3
41. Rb8+ Ke7 42. Ng5 Ne1+ 43. Kf2 Nxf3 44. Rb7+ Kf6 45. Nh7+ Ke5 46. Re7+ Kd4
47. Rxe3 fxe3+ 48. Kxf3 Bxd5+ 49. Ke2 Be4 50. Ke1 Ke5 51. h4 d5 52. h5 d4 53.
Ng5 d3 0-1

[Event "Reykjavik Open 2018"]
[Site "Reykjavik ISL"]
[Date "2018.03.07"]
[Round "3.32"]
[White "Bisby, Daniel L"]
[Black "Buscar, Michael"]
[Result "1/2-1/2"]
[WhiteTitle "FM"]
[WhiteElo "2339"]
[BlackElo "2099"]
[WhiteFideId "404586"]
[BlackFideId "2603616"]
[EventDate "2018.03.06"]

1. e4 c5 2. Nf3 Nc6 3. Bb5 Nf6 4. d3 g6 5. Bxc6 dxc6 6. h3 Bg7 7. Nc3 Nd7 8. Be3
b6 9. Qd2 h6 10. O-O e5 11. a3 Nf8 12. b4 cxb4 13. axb4 Ne6 14. Na4 Nd4 15. Nxd4
exd4 16. Bf4 g5 17. Bg3 O-O 18. f4 f5 19. fxg5 hxg5 20. exf5 Bxf5 21. Nb2 Be6
22. Rxf8+ Kxf8 23. Re1 Bd5 24. Nc4 Bxc4 25. dxc4 a5 26. Qe2 Qd7 27. c5 bxc5 28.
b5 a4 29. bxc6 Qxc6 30. Qe7+ Kg8 31. Re6 Qc8 32. Rg6 Qf8 33. Qe6+ Qf7 34. Rxg7+
Kxg7 35. Be5+ Kg8 36. Qh6 Qh7 37. Qxg5+ Kf8 38. Qf6+ Kg8 39. Qe6+ Qf7 40. Qh6
Qh7 41. Qe6+ Qf7 42. Qg4+ Kf8 43. Bd6+ Ke8 44. Qe4+ Kd7 45. Qxa8 Kxd6 46. Qxa4
Qf4 47. Qb3 Kc7 48. Qd3 Qg5 49. g3 Qd5 50. c4 Qe6 51. Kg2 Qe1 52. Kf3 1/2-1/2

[Event "Reykjavik Open 2018"]
[Site "Reykjavik ISL"]
[Date "2018.03.07"]
[Round "3.33"]
[White "Foisor, Sabina-Francesca"]
[Black "Ebner, Johann"]
[Result "1-0"]
[WhiteTitle "WGM"]
[WhiteElo "2326"]
[BlackElo "2070"]
[WhiteFideId "1212915"]
[BlackFideId "1603957"]
[EventDate "2018.03.06"]

1. d4 e6 2. Nf3 Nf6 3. Bf4 d5 4. e3 c5 5. c3 Nc6 6. Nbd2 Bd6 7. Bg3 O-O 8. Bd3
Re8 9. Ne5 Bxe5 10. dxe5 Nd7 11. f4 g6 12. Bf2 f6 13. exf6 e5 14. O-O e4 15.
Bxe4 Rxe4 16. Nxe4 dxe4 17. Bh4 Qf8 18. f5 Qf7 19. fxg6 hxg6 20. Qg4 Nde5 21.
Qxe4 Be6 22. b3 c4 23. Bg3 Bd5 24. Qh4 cxb3 25. axb3 Bxb3 26. Qg5 Nd3 27. h4 Kh7
28. Bf4 Rd8 29. h5 Rd7 30. Qh6+ 1-0

[Event "Reykjavik Open 2018"]
[Site "Reykjavik ISL"]
[Date "2018.03.07"]
[Round "3.34"]
[White "Ingvason, Johann"]
[Black "Midoux, Sebastien"]
[Result "1-0"]
[WhiteElo "2126"]
[BlackElo "2319"]
[WhiteFideId "2301431"]
[BlackFideId "611140"]
[EventDate "2018.03.06"]

1. e4 e6 2. d4 d5 3. Nc3 dxe4 4. Nxe4 Bd7 5. Nf3 Bc6 6. Bd3 Nd7 7. O-O Ngf6 8.
Qe2 Nxe4 9. Bxe4 Bxe4 10. Qxe4 c6 11. Bf4 Be7 12. Rad1 O-O 13. Rd3 Nf6 14. Qe2
Nd5 15. Bd2 Bd6 16. Ne5 Qe8 17. Re1 Rd8 18. c3 b5 19. Qg4 f5 20. Qf3 Bxe5 21.
Rxe5 Qd7 22. Qe2 Rde8 23. Qh5 Nf6 24. Qh4 Ne4 25. Rh3 g6 26. Bh6 Rf7 27. Re3 b4
28. f3 Nd6 29. Rc5 Nb5 30. Bf4 bxc3 31. bxc3 Nc7 32. Bxc7 Qxc7 33. Qe1 Rfe7 34.
Qe2 Qb6 35. Qc4 1-0

[Event "Reykjavik Open 2018"]
[Site "Reykjavik ISL"]
[Date "2018.03.07"]
[Round "3.36"]
[White "Kristjansson, Atli Freyr"]
[Black "Kantorik, Marian"]
[Result "1-0"]
[BlackTitle "IM"]
[WhiteElo "2123"]
[BlackElo "2313"]
[WhiteFideId "2302268"]
[BlackFideId "14900513"]
[EventDate "2018.03.06"]

1. c4 e6 2. Nf3 d5 3. g3 d4 4. Bg2 c5 5. O-O Nc6 6. e3 Nf6 7. exd4 cxd4 8. d3
Be7 9. Re1 O-O 10. Na3 Nd7 11. Rb1 e5 12. Nc2 a5 13. b3 f6 14. a3 Nc5 15. Rf1
Bf5 16. Nce1 Kh8 17. Nh4 Be6 18. f4 exf4 19. gxf4 g5 20. fxg5 fxg5 21. Rxf8+
Qxf8 22. Nhf3 Qg7 23. b4 axb4 24. axb4 g4 25. Nd2 Nd7 26. Qe2 Bf5 27. b5 Nce5
28. Bxb7 Rb8 29. Bg2 Nc5 30. Ne4 Nxe4 31. Bxe4 Nf3+ 32. Kh1 Rf8 33. Bf4 Bxe4 34.
Qxe4 Nh4 35. Ng2 Ng6 36. Bg3 h5 37. Nf4 Nxf4 38. Bxf4 h4 39. Be5 Bf6 40. Rf1
Bxe5 41. Rxf8+ Qxf8 42. Qxe5+ Kh7 43. Qh5+ Kg7 44. Qxg4+ Kh6 45. Qxh4+ Kg6 46.
Kg2 Qb4 47. Qxd4 Qd2+ 48. Qf2 1-0

[Event "Reykjavik Open 2018"]
[Site "Reykjavik ISL"]
[Date "2018.03.07"]
[Round "3.37"]
[White "Bewersdorff, Oliver"]
[Black "Thorhallsson, Simon"]
[Result "1-0"]
[WhiteTitle "FM"]
[WhiteElo "2312"]
[BlackElo "2060"]
[WhiteFideId "4602897"]
[BlackFideId "2310090"]
[EventDate "2018.03.06"]

1. Nf3 Nf6 2. c4 g6 3. g3 Bg7 4. Bg2 O-O 5. O-O d6 6. d4 Nc6 7. Nc3 a6 8. b3 Rb8
9. d5 Na5 10. Bd2 c5 11. dxc6 Nxc6 12. Rc1 Bg4 13. h3 Bd7 14. a4 Qc8 15. Kh2 Ne5
16. Ne1 h5 17. Bg5 Re8 18. Nd5 Nxd5 19. cxd5 Qd8 20. f4 f6 21. fxe5 fxg5 22. e6
Bc8 23. Qd3 Rf8 24. Qxg6 Rxf1 25. Bxf1 h4 26. Qxg5 hxg3+ 27. Qxg3 Kh7 28. Nf3 1-0

[Event "Reykjavik Open 2018"]
[Site "Reykjavik ISL"]
[Date "2018.03.07"]
[Round "3.38"]
[White "Thorgeirsson, Jon Kristinn"]
[Black "Kumar, Naman"]
[Result "1-0"]
[WhiteTitle "FM"]
[WhiteElo "2298"]
[BlackElo "2045"]
[WhiteFideId "2307731"]
[BlackFideId "30908922"]
[EventDate "2018.03.06"]

1. e4 c5 2. Nc3 Nc6 3. g3 Nf6 4. Bg2 g6 5. Nge2 Bg7 6. O-O O-O 7. h3 d6 8. g4
Ne8 9. Ng3 Nc7 10. d3 Ne6 11. Nce2 Rb8 12. f4 b5 13. g5 Ned4 14. f5 Nxe2+ 15.
Qxe2 Be5 16. Qf2 Nd4 17. Bf4 f6 18. c3 Nc6 19. gxf6 exf6 20. Bh6 Rf7 21. Ne2 Qb6
22. Be3 g5 23. Rad1 Rg7 24. d4 cxd4 25. cxd4 Bf4 26. Bxf4 gxf4 27. Nxf4 Qd8 28.
Kh1 Qe8 29. Bf3 Kh8 30. Nh5 Rf7 31. Qg3 Bb7 32. Rg1 Qe7 33. Qh4 Rg8 34. Rxg8+
Kxg8 35. Rg1+ Kh8 36. Nf4 Rg7 37. Ng6+ Rxg6 38. fxg6 Nxd4 39. gxh7 1-0

[Event "Reykjavik Open 2018"]
[Site "Reykjavik ISL"]
[Date "2018.03.07"]
[Round "3.39"]
[White "Jonsson, Gauti Pall"]
[Black "Povah, Nigel E"]
[Result "1/2-1/2"]
[BlackTitle "IM"]
[WhiteElo "2104"]
[BlackElo "2284"]
[WhiteFideId "2309092"]
[BlackFideId "400467"]
[EventDate "2018.03.06"]

1. f4 c5 2. Nf3 Nc6 3. g3 g6 4. Bg2 Bg7 5. O-O e6 6. d3 Nge7 7. c3 O-O 8. e4 b6
9. Qc2 Bb7 10. Na3 d6 11. Nh4 f5 12. exf5 exf5 13. Re1 Qd7 14. Bd2 Rfe8 15. Re2
Kf8 16. Rae1 Ng8 17. Nf3 Rxe2 18. Rxe2 Re8 19. Qd1 Ba6 20. Ng5 Nf6 21. Rxe8+
Qxe8 22. Qa4 Na5 23. Qxe8+ Kxe8 24. b4 Bxd3 25. bxa5 Ke7 26. axb6 axb6 27. Bf1
Be4 28. Nc4 h6 29. Nxe4 Nxe4 30. Be1 Bxc3 31. Bxc3 Nxc3 32. Nxb6 d5 33. a4 Kd6
34. Nc8+ Kd7 35. Na7 c4 36. Kf2 Nxa4 37. Nb5 Kc6 38. Nd4+ Kc5 39. Ke3 Nb2 40.
Be2 Kd6 41. h3 Na4 42. g4 fxg4 43. hxg4 Nc5 44. Bd1 Nd7 45. Bc2 g5 46. fxg5 hxg5
47. Bf5 Ne5 48. Ne6 Nf7 49. Kd4 Nh6 50. Nxg5 Nxf5+ 51. gxf5 c3 52. Kxc3 Ke5 53.
f6 Kxf6 54. Kd4 Kxg5 55. Kxd5 1/2-1/2

[Event "Reykjavik Open 2018"]
[Site "Reykjavik ISL"]
[Date "2018.03.07"]
[Round "3.40"]
[White "Petersson, Baldur Teodor"]
[Black "Der Manuelian, Haik"]
[Result "0-1"]
[WhiteTitle "CM"]
[WhiteElo "2073"]
[BlackElo "2279"]
[WhiteFideId "2309157"]
[BlackFideId "2084015"]
[EventDate "2018.03.06"]

1. Nf3 d5 2. g3 Bg4 3. Bg2 c6 4. O-O Nf6 5. d3 h6 6. c4 e6 7. cxd5 Bxf3 8. Bxf3
cxd5 9. Nc3 Nc6 10. d4 Be7 11. b3 O-O 12. Bb2 Qd7 13. e3 Rfd8 14. Bg2 Ne8 15.
Qe2 f5 16. Nb1 Nf6 17. Ba3 Nb4 18. Bxb4 Bxb4 19. a3 Bd6 20. Nc3 Rac8 21. Rfc1
Rc6 22. Qb2 g5 23. Ne2 Rxc1+ 24. Rxc1 Qe7 25. b4 a5 26. Rb1 axb4 27. axb4 Rc8
28. Nc3 Rc4 29. Na2 Qc7 30. Rc1 Rxc1+ 31. Nxc1 Bxb4 32. Nd3 Bd6 33. f3 Qc6 34.
Bf1 Nd7 35. Kg2 Nb6 36. Nf2 Nc4 37. Qe2 Qb6 38. g4 f4 39. Nd1 Kg7 40. h4 gxh4
41. Qd3 Qb4 42. e4 Qe1 43. exd5 Ne3+ 44. Nxe3 fxe3 45. Qe2 h3+ 46. Kh1 Qxe2 47.
Bxe2 exd5 48. f4 Bxf4 49. Bf3 b5 50. Kg1 b4 51. Bxd5 h2+ 52. Kf1 b3 0-1

[Event "Reykjavik Open 2018"]
[Site "Reykjavik ISL"]
[Date "2018.03.07"]
[Round "3.41"]
[White "Kumar, Nikhil"]
[Black "Thurlow, Kevin J"]
[Result "1-0"]
[WhiteTitle "FM"]
[BlackTitle "CM"]
[WhiteElo "2277"]
[BlackElo "1999"]
[WhiteFideId "30909040"]
[BlackFideId "406104"]
[EventDate "2018.03.06"]

1. d4 Nf6 2. Nf3 e6 3. e3 b6 4. Bd3 Bb7 5. O-O Be7 6. c4 O-O 7. Nc3 d5 8. cxd5
exd5 9. b3 Nbd7 10. Bb2 Ne4 11. Qc2 Ndf6 12. Ne5 c5 13. dxc5 Bxc5 14. Rad1 Qe7
15. Nxe4 dxe4 16. Bb5 Bd6 17. Nc4 Bxh2+ 18. Kxh2 Ng4+ 19. Kg1 Qh4 20. Be5 Nxe5
21. Nxe5 Rac8 22. Qe2 Rc5 23. f4 Bc8 24. Bd7 f6 25. Bxc8 Rfxc8 26. Qg4 Qxg4 27.
Nxg4 Rc2 28. Rf2 h5 29. Rxc2 Rxc2 30. Nf2 Rxa2 31. Nxe4 Rb2 32. Rd3 a5 33. Nd6 1-0

[Event "Reykjavik Open 2018"]
[Site "Reykjavik ISL"]
[Date "2018.03.07"]
[Round "3.42"]
[White "Lunn, Matthew"]
[Black "Doluhanova, Evgeniya"]
[Result "0-1"]
[BlackTitle "WGM"]
[WhiteElo "2069"]
[BlackElo "2275"]
[WhiteFideId "405485"]
[BlackFideId "14112035"]
[EventDate "2018.03.06"]

1. d4 Nf6 2. c4 e6 3. Nc3 Bb4 4. Qc2 d5 5. cxd5 exd5 6. Bg5 h6 7. Bxf6 Qxf6 8.
a3 Bxc3+ 9. Qxc3 c6 10. Nf3 O-O 11. e3 Bf5 12. Bd3 Nd7 13. Bxf5 Qxf5 14. O-O
Rfe8 15. b4 a6 16. a4 Rac8 17. Qb3 Re6 18. Rfc1 Nf6 19. Ra2 Ne4 20. Rac2 Rce8
21. b5 cxb5 22. axb5 Rb6 23. Qa2 Rxb5 24. Rc7 Kh7 25. Ne5 f6 26. Nd3 Nd6 27. Nc5
b6 28. Qxa6 bxc5 29. Qxd6 cxd4 30. exd4 Rb1 31. f3 Re2 32. Qg3 Rxc1+ 33. Rxc1
Qd3 34. Qf4 Rd2 35. h4 Qxd4+ 36. Qxd4 Rxd4 37. h5 Rh4 38. Rd1 Rxh5 39. g4 Re5
40. Kf2 g5 41. Ra1 h5 42. gxh5 Kh6 43. Ra6 Rf5 44. Ke3 d4+ 0-1